Redewendungen rund ums Huhn - Statistiken

Allgemein
  • Dieses Quiz wurde 50 mal gespielt
  • Das Durchschnittsergebnis liegt bei 6 aus 11
Antwortstatistiken
Hint Antwort % Korrekt
Auch ein ___ Huhn findet mal ein Korn. blindes
100%
___ Hühner legen Eier, alte Kühe geben Milch. Junge
87%
Da ___ kein Hahn nach. kräht
83%
Der Hahn im ___ sein. Korb
74%
Da ___ ja die Hühner! lachen
70%
Wer Eier möchte, muss das ___ der Hennen ertragen können. Gackern
59%
___ heute ein Ei als morgen ein Huhn. Besser
52%
Der Hahn ist ___ auf seinem Mist. König
35%
Das Ei will ___ sein als die Henne. klüger
24%
Herumlaufen wie ein ___ Huhn. aufgescheuchtes
22%
Entweder man fliegt mit den Adlern oder man ___ mit den Hühnern. scharrt
9%
Keine übereinstimmenden Quizze gefunden
Verteilung der Resultate
Anzahl Personen mit jedem Resultat
Perzentil nach korrekt beantworteten Fragen
Ihre Resultats-Entwicklung
Sie haben dieses Quiz noch nicht gespielt